a burning hill - mitski lyrics - Statistics

General Stats
  • This quiz has been taken 341 times
  • The average score is 96 of 111
Answer Stats
Answer % Correct
i
100%
a
99%
and
99%
the
99%
am
98%
fire,
97%
fire
97%
for
97%
forest
96%
watching
96%
it
95%
my
93%
to
93%
witness
92%
verse 1 today,
91%
wear
91%
white
91%
will
91%
button
90%
down
90%
you
90%
i'm
89%
at
87%
of
86%
tired
86%
be
85%
stand
85%
all
84%
things
84%
things,
84%
in
83%
verse 2 so
83%
there
83%
more,
81%
think
81%
wanting
81%
finally
80%
not
80%
valley
79%
have
78%
worn
76%
are
75%
i'll
75%
promising
75%
way
75%
go
72%
as
71%
clean
70%
seen
70%
work,
69%
been
67%
i've
67%
out
67%
sleep
67%
walk
67%
least
66%
can
65%
littler
64%
neat
64%
love
62%
some
61%
No matching quizzes found
Score Distribution
Percent of People with Each Score
Percentile by Number Answered
Your Score History
You have not taken this quiz